000 00451cam a2200181ua 4500
001 5732
005 20260515113929.0
008 131009n ii |||gr||||Z||||||asm
040 _cMAIN
082 _a954
245 _aBharat Buranji
_cBy Prafulla Kumar Baruah
260 _aGuwahati:
_bBanalata,
_c1992.
_aDibrugarh:
300 _ax,255p.
653 _aHistory
653 _aBharat Buranji
700 _aBaruah.Prafulla Kumar,
_eAuthor.,
942 _cBK
999 _c4886
_d4886